000 00895nam a22002897a 4500
001 BR9801777
003 BR-BrBNA
005 20230928095908.0
007 ta
008 230509b bl.||||| |||| 00| 0 por d
040 _aBR-BrBNA
_bpor
_cBiblioteca Nacional de Agricultura
041 _a(Por)
072 _aE14
_b0430
090 _ 0430 BR9801777
110 1 _aSecretaria de Agricultura e Reforma Agraria, Fortaleza, CE (Brasil)
_98664
245 1 _aPrograma especial para o cultivo do algodao em convivencia com o bicudo e a exploracao agropecuaria sistemica alternativa
260 3 _aFortaleza, CE (Brasil):
_c1987.
300 _a34 p.
650 _aAlgodao
650 _aProjeto Agricola
650 _aPolitica Agricola
650 _aPolitica de Desenvolvimento
650 _aPolitica Governamental
650 _aCeara
909 _a202309
_bLucia
_c55
_dLucia Elande
942 _cBK
999 _c59269
_d59269